Statistiques concernant Prénoms de Footballeurs en commun

Cliquez ici pour prendre le quiz!

Statistiques générales

  • Ce quiz a été pris 549 fois
  • Le résultat moyen est 16 sur 24

Statistiques - réponses

RéponseExemples% Correct
DavidBeckham, Trezeguet, Villa
99%
RobertPirès, Lewandowski, Vittek
97%
TheoHernandez, Le Bris, Walcott
94%
LuisFernandez, Fabiano, Suárez
93%
MarcoVan Basten, Reus, Materazzi
90%
RafaelMárquez, Leão, Van der Vaart
85%
BenjaminHenrichs, Mendy, Bourigeaud
79%
ChristianPulisic, Panucci, Eriksen
79%
MarioGómez, Götze, Rui
78%
ErikPieters, Lamela, Ten Hag
74%
FranckKessié, Jurietti, Tabanou
74%
JamesTavernier, Rodriguez, Ward-Prowse
66%
KevinMbabu, Volland, Mirallas
64%
MartinCáceres, Demichelis, Braithwaite
64%
FernandoCouto, Muslera, Hierro
60%
MilanBaroš, Badelj, Škriniar
60%
AlexanderSørloth, Isak, Frei
57%
ManuelAmoros, Akanji, Locatelli
57%
AndréSilva, Hahn, Onana
55%
DenisLaw, Zakaria, Cherychev
46%
StevenDefour, Bergwijn, Berghuis
46%
RomanNeustädter, Bürki, Weidenfeller
40%
AdrianRamos, Mutu, Grbić
27%
PatrickBattiston, Owomoyela, Wimmer
22%

Distribution des résultats

Percentile par nombre de réponses

% des personnes avec chaque résultat

Votre développement - résultats

Vous n’avez pas pris ce quiz